Information and control

Saved in:
Bibliographic Details
Format: Serial
Language:English
Published: New York Academic Press
Tags: Add Tag
No Tags, Be the first to tag this record!

MARC

LEADER 00000nas1a2200000$$$4500
001 0016406
005 20250730114821.1
041 0 |a eng 
044 |a US 
245 1 0 |a Information and control 
264 1 |a New York  |b Academic Press